LEADER 01485nam a2200337 u 4500 001 000000061613 003 CaOOAMICUS 005 20070226121037.0 008 010910s1999 it u000 u ita u 020 $a880615236X 035 $a10902186 040 $aPUL$bita 041 1 $aita$heng 100 1 $aWittgenstein, Ludwig,$d1889-1951.$0(OLS)http://pul/name/8445 240 10$aOn certainty.$lItaliano.$0(OLS)http://pul/title/82257 245 10$aDella certezza :$bl'analisi filosofica del senso comune /$cLudwig Wittgenstein ; saggio introduttivo di Aldo Gargani ; traduzione di Mario Trinchero. 260 $aTorino :$bEinaudi,$c1999. 300 $axxx, 110 p. ;$c21 cm 490 1 $aBiblioteca Einaudi ;$v61 504 $aBibliografia in nota. 650 4$aSenso comune.$0(OLS)http://pul/subject/20762 700 1 $aTrinchero, Mario.$0(OLS)http://pul/name/8446 700 1 $aGargani, Aldo Giorgio,$d1933-2009.$0(OLS)http://pul/name/40987 830 0$aBiblioteca Einaudi ;$v61.$0(OLS)http://pul/title/60318 850 $aPUL 852 $aPUL$W1$xDP2 Filosofia 3$y112$m121 WITLU 1$j176860$nBK-PRI$b $qDDC 21$B80245$CPULBib$Z2$F80245 $H85225 $81 941 1 $a9 961 $aprecedente collocazione: Fil 134 61 996 $6020$a880615236X$9(OLS)http://pul/number/79843 996 $6245$aDella certezza :$bl'analisi filosofica del senso comune$9(OLS)http://pul/title/82258 996 $6260$aTorino :$bEinaudi$9(OLS)http://pul/publisher/48130 LEADER 01259nam a2200313 a 4500 001 000000170946 003 CaOOAMICUS 005 20181205125239.0 008 181205s2010 enk 000 u eng r 020 $a9780521143455* 032 $aLibriCat 040 $aPUL$bita 082 14$a149 100 1 $aLemos, Noah.$0(OLS)http://pul/name/109929 245 10$aCommon sense : $ba contemporary defense / $cNoah Lemos. 260 $aCambridge :$bCambridge University Press,$c©2010. 300 $axvi, 192 p. ; $c23 cm. 490 1 $aCambridge studies in philosophy 504 $aBibliografia in nota a pič pagina. 650 4$aSenso comune.$0(OLS)http://pul/subject/20762 830 0$aCambridge Studies in Philosophy.$0(OLS)http://pul/title/98361 850 $aPUL 852 $aPUL$W1$xDP2 Filosofia 3$y112$m149 LEMNO 1$j194307$qDDC 21$B199481$CPULBib$Z2$F199481 $H131856 $81 941 1 $a9 996 $6020$a9780521143455*$9(OLS)http://pul/number/165510 996 $6082$a149$9(OLS)http://pul/classification/147 996 $6245$aCommon sense : $ba contemporary defense / $9(OLS)http://pul/title/211798 996 $6260$aCambridge :$bCambridge University Press$9(OLS)http://pul/publisher/50125 LEADER 01386nam a2200301 a 4500 001 000000174453 003 CaOOAMICUS 005 20210419173414.0 008 210419s2021 vc oc u000 u ita r 020 $a978-88-266-0558-6* 032 $aLibriCat 040 $aPUL$bita 100 1 $aPepe, Orazio.$0(OLS)http://pul/name/52559 245 10$aImparate da me che sono mite : $bvita e opere del Venerabile Fortunato Maria Farina /$cOrazio Pepe; prefazione dell'Arcivescovo Vincenzo Pelvi. 260 $a[Cittą del Vaticano] :$bLibreria editrice vaticana,$c©2021. 300 $a230, [22] p. :$bfotogr.; ritr.;$c22 cm 440 0$aVolti (Mimesis) 504 $aBibliografia in nota. 700 1 $aPelvi, Vincenzo,$d1948-$0(OLS)http://pul/name/41365 830 0$aVolti (Mimesis).$0(OLS)http://pul/title/150110 850 $aPUL 852 $aPUL$W1$xSL Religione 3$y85$m282. 092 FARFO 1$j198780$qDDC 21$B203396$CPULBib$Z2$F203396 $H134955 $82 941 1 $a9 996 $6020$a978-88-266-0558-6*$9(OLS)http://pul/number/168140 996 $6245$aImparate da me che sono mite : $bvita e opere del Venerabile Fortunato Maria Farina$9(OLS)http://pul/title/215729 996 $6440$aVolti (Mimesis)$9(OLS)http://pul/title/150110 996 $6260$a[Cittą del Vaticano] :$bLibreria editrice vaticana$9(OLS)http://pul/publisher/49159